00618cam a22002291 4500001001300000003000400013005001700017008004100034010001700075025001900092035001900111040001700130042001200147050002000159110002700179245004700206260001900253300003800272504003000310650003100340999001700371sa 66001148 DLC20260227112219.0781102s1965 ii ab b f000 0 eng  asa 66001148  aPL480:I-E-5330 a(OCoLC)4339270 aDLCcMHdDLC apremarc00aHD9506.I42bA542 aIndian Bureau of Mines10aSurvey of India's foreign mineral markets. aNagpurc[1965] axvi, 295 p.billus., map.c25 cm. aBibliography: p. 293-295. 0aMineral industrieszIndia. c67619d67619